000 01679cam a2200409 i 4500
001 200467965
003 TR-AnTOB
005 20260408165423.0
007 ta
008 260408t19661954nyu 000 1 eng
010 _a 54012209
035 _a(CLU)6647374-ucladb-Voyager
035 _a(OCoLC)01925851
035 _a(OCoLC)ocm01925851
035 _a(EXLNZ-01UCS_NETWORK)9913186120706531
035 _a(TR-AnTOB)200467965
040 _aDLC
_beng
_erda
_cFQG
_dXDM
_dDKAGE
_dOCLCQ
_dECL
_dU9S
_dTULIB
_dOCLCF
_dP4I
_dOCLCQ
_dOCLCO
_dOCLCQ
_dOCLCO
_dGILDS
_dCDN
_dOCLCO
_dOCL
_dTMA
_dOCLCQ
_dOCLCO
_dOCL
_dOCLCO
_dOCLCL
_dOCLCQ
_dOCLCL
_dOCLCO
_dTR-AnTOB
041 0 _aeng
050 4 _aPN6120.2
_b.S59 1966
090 _aPN6120.2
_b.S59 1966
245 0 0 _aSix great modern short novels.
246 0 4 _a6 great modern short novels
264 1 _aNew York :
_bDell Publishing Co.,
_c1966.
264 4 _c©1954
300 _a448 pages
_c17 cm
336 _atext
_btxt
_2rdacontent
337 _aunmediated
_bn
_2rdamedia
338 _avolume
_bnc
_2rdacarrier
505 0 _aThe dead / James Joyce -- Billy Budd, foretopman / Herman Melville -- Noon wine / Katherine Anne Porter -- The overcoat / Nikolay Gogol -- The pilgrim hawk / Glenway Westcott -- The bear / William Faulkner.
530 _aAlso issued online.
650 0 _aFiction
_vCollections
_0http://id.loc.gov/authorities/subjects/sh85048059
_9153473
655 7 _aShort stories
_2lcgft
_0http://id.loc.gov/authorities/genreForms/gf2014026542
_9153047
655 7 _aFiction
_2lcgft
_0http://id.loc.gov/authorities/genreForms/gf2014026339
_9151487
942 _2lcc
_cBK
999 _c200467965
_d86177